Extension in rural communities; (Record no. 1059)

MARC details
000 -LEADER
fixed length control field 00755nam a22002297a 4500
005 - DATE AND TIME OF LATEST TRANSACTION
control field 20240325090804.0
008 - FIXED-LENGTH DATA ELEMENTS--GENERAL INFORMATION
fixed length control field 240325b |||||||| |||| 00| 0 eng d
015 ## - NATIONAL BIBLIOGRAPHY NUMBER
National bibliography number GB66-193
035 ## - SYSTEM CONTROL NUMBER
System control number (OCoLC)2071654
040 ## - CATALOGING SOURCE
Original cataloging agency DLC
Transcribing agency KMU
Modifying agency KMU
-- DLC
042 ## - AUTHENTICATION CODE
Authentication code premarc
050 00 - LIBRARY OF CONGRESS CALL NUMBER
Classification number S544 Sav
100 1# - MAIN ENTRY--PERSONAL NAME
Personal name Savile, A. H.
245 10 - TITLE STATEMENT
Title Extension in rural communities;
Remainder of title a manual for agricultural and home extension workers
Statement of responsibility, etc. [by] A. H. Savile.
260 ## - PUBLICATION, DISTRIBUTION, ETC.
Place of publication, distribution, etc. London,
-- New York :
Name of publisher, distributor, etc. Oxford University Press,
Date of publication, distribution, etc. 1965.
300 ## - PHYSICAL DESCRIPTION
Extent xii, 148 p.
Other physical details illus.
Dimensions 21 cm.
440 #0 - SERIES STATEMENT/ADDED ENTRY--TITLE
Title Oxford tropical handbooks
504 ## - BIBLIOGRAPHY, ETC. NOTE
Bibliography, etc. note Bibliography: p. [142]-143.
650 #0 - SUBJECT ADDED ENTRY--TOPICAL TERM
Topical term or geographic name entry element Agricultural extension work.
906 ## - LOCAL DATA ELEMENT F, LDF (RLIN)
a 7
b cbc
c oclcrpl
d u
e ncip
f 19
g y-gencatlg
942 ## - ADDED ENTRY ELEMENTS (KOHA)
Source of classification or shelving scheme Library of Congress Classification
Koha item type Non-Fiction
Suppress in OPAC No
Holdings
Withdrawn status Lost status Source of classification or shelving scheme Damaged status Not for loan Collection Home library Current library Shelving location Date acquired Source of acquisition Total Checkouts Full call number Barcode Date last seen Date last checked out Price effective from Koha item type
    Library of Congress Classification     Non-fiction Kapasa Makasa University Kapasa Makasa University Open Access 25.03.2024 Book Aid 1 S 544 Sav 716688 16.02.2026 05.02.2026 25.03.2024 Non-Fiction